Państwa położone najbliżej Afryki. - Statystyki

Ogólne statystyki
  • Ten quiz został rozwiązany 256 razy
  • Średni wynik to 17 z 20
Statystyki odpowiedzi
km Państwo miles % Poprawnych
0 Hiszpania 0
98%
71 Włochy 44
95%
258 Grecja 160
94%
101 Arabia Saudyjska 63
93%
183 Izrael 114
93%
202 Portugalia 126
93%
507 Turcja 315
93%
570 Oman 354
90%
20 Jemen 13
89%
450 Francja 280
87%
352 Cypr 219
86%
288 Malta 179
86%
365 Syria 227
81%
212 Jordania 132
80%
645 Irak 401
79%
332 Liban 207
72%
549 Watykan 341
65%
21 Wielka Brytania (Gibraltar) 13
64%
735 Monako 457
60%
637 Andora 396
57%
Nie znaleziono quizów pasujących do podanych kryteriów
Rozkład punktacji
Procent ludzi z każdym wynikiem
Percentyl według liczby udzielonych odpowiedzi
Twoja historia wyników
Nie rozwiązałeś tego quizu